| 000 | 01178cam a2200349 a 4500 | ||
|---|---|---|---|
| 999 |
_c3239 _d3239 |
||
| 001 | 1578694 | ||
| 003 | GBCCL | ||
| 005 | 20241126110450.0 | ||
| 008 | 821004r18621636stk 001 0 eng d | ||
| 020 | _a0851516971 | ||
| 035 | _a(OCoLC)ocn684414060 | ||
| 035 | _a1578694 | ||
| 040 |
_aWTS _cWTS _dYUS |
||
| 049 | _aYUS* | ||
| 082 |
_a252 _bWAR |
||
| 099 |
_aMhc5 _aAd18 _a1861 |
||
| 100 | 1 |
_aWard, Samuel, _d1577-1640. _96671 |
|
| 245 | 1 | 0 |
_aSermons and treatises / _cby Samuel Ward ; with memoir by C.J. Ryle. |
| 260 |
_aPenn : _bBanner for truth trust, _c1996, c1636. |
||
| 300 |
_axvi, 178 p. ; _c23 cm. |
||
| 440 | 0 |
_aNichol's series of standard divines. Puritan period ; _v[v. 3] _96672 |
|
| 500 | _aReprint. Originally published: 1636. | ||
| 500 | _a"Memoir of Samuel Ward": p. [v]-xvi. | ||
| 500 | _aIncludes index. | ||
| 501 | _aWith: The works of Thomas Adams / Thomas Adams. Edinburgh : James Nichol, 1862. Vol. 3. | ||
| 600 | 1 | 0 |
_aWard, Samuel, _d1577-1640. _96671 |
| 650 | 0 |
_aPuritans _vSermons. _96673 |
|
| 650 | 0 |
_aSermons, English. _91092 |
|
| 700 | 1 |
_aRyle, J. C. _q(John Charles), _d1816-1900. _96674 |
|
| 942 |
_2ddc _cBK _01 |
||
| 948 | _aOCLC BHPP Recon | ||